ბათუმის შოთა რუსთაველის სახელმწიფო უნივერსიტეტის ბიბლიოთეკა

Технологическое оборудование хлебозаводов. (ბიბ.ჩანაწერი № 38694)

000 -LEADER
fixed length control field 00775nam a2200229Ia 4500
001 - CONTROL NUMBER
control field 4952
003 - CONTROL NUMBER IDENTIFIER
control field GE_BSU
008 - FIXED-LENGTH DATA ELEMENTS--GENERAL INFORMATION
fixed length control field 181216s||||||||xx |||||||||||||| ||und||
040 ## - CATALOGING SOURCE
Transcribing agency GE_BSU
080 ## - UNIVERSAL DECIMAL CLASSIFICATION NUMBER
Universal Decimal Classification number 664.6/.7(075.8)
100 ## - MAIN ENTRY--PERSONAL NAME
Personal name Заицев,Н.В.
245 ## - TITLE STATEMENT
Title Технологическое оборудование хлебозаводов.
245 ## - TITLE STATEMENT
Remainder of title Учебник.
245 ## - TITLE STATEMENT
Statement of responsibility, etc. Ред. А.З.Хмельницкая.
250 ## - EDITION STATEMENT
Edition statement изд. 3-е, перераб. и дополн.
260 ## - PUBLICATION, DISTRIBUTION, ETC.
Place of publication, distribution, etc. М.
260 ## - PUBLICATION, DISTRIBUTION, ETC.
Name of publisher, distributor, etc. Пищевая промышленность.
260 ## - PUBLICATION, DISTRIBUTION, ETC.
Date of publication, distribution, etc. 1967.
300 ## - PHYSICAL DESCRIPTION
Extent 583стр.с илл.22см.библиогр.:стр.574.
653 ## - INDEX TERM--UNCONTROLLED
Uncontrolled term Технологическое оборудование хлебозаводов.
942 ## - ADDED ENTRY ELEMENTS (KOHA)
Koha item type წიგნი
ეგზემპლარები
Withdrawn status Lost status Damaged status Not for loan Date acquired Barcode Date last seen Price effective from Koha item type
        2018-12-17 12011 2018-12-17 2018-12-17 წიგნი